Hisendes locals : teoria i legislació espanyola : programa raonat en 54 lliçons / per Enric Sebastián Besora teoria i legislació espanyola :
Descripción Física:
245 p. ; 16 cm
Materias:
Finances locals
MARC
| LEADER | 00000nam a2200000Ia 4500 | ||
|---|---|---|---|
| 001 | 18712 | ||
| 008 | 160829s1913 xx 000 0 cat d | ||
| 710 | 1 | |a Barcelona (Catalunya : Província). |b Diputació |9 52408 | |
| 952 | |0 0 |1 0 |4 0 |6 M5371 |7 1 |9 48394 |a Arxiu |b Arxiu |d 2016-12-01 |l 0 |o M-5-371 |p 18712 |r 2016-12-01 00:00:00 |w 2016-12-01 |y ARXIU | ||
| 999 | |c 52222 |d 52222 | ||
| 080 | |a M-5-371 | ||
| 100 | |a Sebastián Besora, Enrique |9 38386 | ||
| 245 | |a Hisendes locals : |b teoria i legislació espanyola : |b programa raonat en 54 lliçons / per Enric Sebastián Besora | ||
| 260 | |a Barcelona : |b Escola Provincial de Funcionaris d'Administració Local, |c 1913 | ||
| 300 | |a 245 p. ; |c 16 cm | ||
| 590 | |a Mecanografiat. | ||
| 590 | |a Prové de 3266 | ||
| 650 | 0 | |a Finances locals |9 23120 | |
| 901 | |a Arxiu | ||
| 942 | |n 1 |2 udc | ||